Statistiques concernant Les secrétaires généraux de l'ONU

Cliquez ici pour prendre le quiz!

Statistiques générales

  • Ce quiz a été pris 1 466 fois
  • Le résultat moyen est 4 sur 10

Statistiques - réponses

AnnéeNationalitéSecrétaire% Correct
1997-2006GhanéenneKofi Annan
74%
2007-2016Sud-CoréenneBan Ki-Moon
58%
2017-PortugaiseAntonio Guterres
53%
1992-1996ÉgyptienneBoutros Boutros-Ghali
48%
1972-1981AutrichienneKurt Waldheim
27%
1961-1971BirmaneU Thant
27%
1982-1991PéruvienneJavier Perez de Cuellar
25%
1946-1952NorvégienneTrygve Lie
25%
1953-1961SuédoiseDag Hammarskjold
22%
1945-1946BritanniqueGladwyn Jebb
21%

Distribution des résultats

Percentile par nombre de réponses

% des personnes avec chaque résultat

Votre développement - résultats

Vous n’avez pas pris ce quiz